Statistics for Elemental Words - Countries Edition #2

Click here to take the quiz!

General Stats

  • This quiz has been taken 63 times
  • The average score is 10 of 11

Answer Stats

Elements Combined Symbols Answer % Correct
Neon + Thorium + Erbium + Lanthanum + Neodymium + SulfurNe + Th + Er + La + Nd + SNetherlands
97%
Iodine + Rhenium + Lanthanum + NeodymiumI + Re + La + NdIreland
97%
Barium + Hydrogen + Radium + IndiumBa + H + Ra + InBahrain
97%
Fluorine + Indium + Lanthanum + NeodymiumF + In + La + NdFinland
97%
Carbon + Americium + Erbium + Oxygen + Oxygen + NitrogenC + Am + Er + O + O + NCameroon
95%
Phosphorus + Erbium + UraniumP + Er + UPeru
95%
Bohrium + Uranium + Tantalum + NitrogenBh + U + Ta + NBhutan
93%
Holmium + Neodymium + Uranium + Radium + SulfurHo + Nd + U + Ra + SHonduras
92%
Potassium + Osmium + Oxygen + Vanadium + OxygenK + Os + O + V + OKosovo
87%
Sulfur + Protactinium + IndiumS + Pa + InSpain
85%
Sodium + Uranium + RutheniumNa + U + RuNauru
85%

Score Distribution

Percentile by Number Answered

Percent of People with Each Score

Your Score History

You have not taken this quiz